| 000 | 00781cam a22002415a 4500 | ||
|---|---|---|---|
| 001 | 008729667 | ||
| 005 | 20201128024354.0 | ||
| 008 | 020211s2002 enk frb 001 0 eng d | ||
| 020 | _a0273651056 | ||
| 020 | _a9780273651055 | ||
| 040 |
_aStDuBDS _dUk _dEG-ScBUE _beng |
||
| 082 | 0 | 4 |
_a338.04 _222 _bBEA |
| 100 | 1 | _aBeaver, Graham. | |
| 245 | 1 | 0 |
_aSmall business, entrepreneurship and enterprise development / _cGraham Beaver. |
| 260 |
_aHarlow : _bFinancial Times / Prentice Hall, _c2002. |
||
| 300 |
_axii, 213 p. ; _c25 cm. |
||
| 504 | _aIncludes bibliographical references and index. | ||
| 650 | 7 |
_aEntrepreneurship. _2BUEsh _9240 |
|
| 650 | 7 |
_aNew business enterprises. _2BUEsh _9239 |
|
| 650 | 7 |
_aSmall Business. _2BUEsh _9253 |
|
| 653 |
_bBUSADM _cJune2018 |
||
| 942 | _2ddc | ||
| 999 |
_c26803 _d26775 |
||